Protection of workers' personal data an ILO code of practice

Bibliographic Details
Corporate Author: Medzinárodná organizácia práce (Author)
Format: Book
Language:English
PhysicalDescription:ix, 47 s. 18 cm
Published: Geneva International Labour Office 1997
Subjects:

MARC

LEADER 00000nam a2200000 a 4500
001 vtls001297948
003 SK-MaSNL
005 20260302070002.0
008 251124s1997 CH 0 eng
020 |c [348,00] 
035 |a SNK000249863 
040 |a SNK  |b slo  |c SNK  |e AACR2 
044 |a CH 
080 |a 658.3.06:34  |2 1981 
110 0 |a Medzinárodná organizácia práce  |4 aut  |9 18131 
245 1 |a Protection of workers' personal data  |b an ILO code of practice 
260 |a Geneva  |b International Labour Office  |c 1997 
300 |a ix, 47 s.  |c 18 cm 
650 0 7 |a pracujúci  |x údaje osobné  |x ochrana  |x materiály MOP  |2 SNK  |9 578209 
650 0 7 |a údaje osobné  |x ochrana  |x materiály MOP  |2 SNK  |9 578210 
999 |c 1144921  |d 1146851 
952 |t P60, <04>, [BOOK], {604}  |a SNK  |b SNK  |y VYP  |7 0  |p 17A0085653  |o snkID 96189  |i snkV 2108/97  |0 0  |1 0  |4 0  |d 1997-08-08  |l 0  |r 2005-01-02 00:00:00  |w 2026-02-24